Random Quiz #1 - Statistics

General Stats
  • This quiz has been taken 26 times
  • The average score is 10 of 15
Answer Stats
Question Answer % Correct
How many letters are there in the alphabet? 26
96%
How many times did America change their flag? 26
96%
Which boxer was known as “The Greatest” and “The People’s Champion”? Muhammad Ali
96%
Which cartoon character lives in a pineapple under the sea? Spongebob Squarepants
96%
Who, in 1903, was the first woman to win a Nobel Prize? Marie Curie
92%
What is the name of the number that has six zeros? 1-9 million
88%
Which planet is the hottest in the solar system? Venus
88%
What year did the Berlin wall fall? 1989
83%
Which planet has the most gravity? Jupiter
67%
What country won the very first FIFA World Cup in 1930? Uruguay
67%
What year was the very first model of the iPhone released? 2007
63%
What does BMW stand for (in English)? Bavarian Motor Works
33%
Which country introduced the fizzy drink Thumbs Up? India
13%
What is Ronaldo's full name? Cristiano Ronaldo dos Santos Aveiro
4%
Which country has a black house and a black key on a red background? Gibralta
0%
No matching quizzes found
Score Distribution
Percent of People with Each Score
Percentile by Number Answered
Your Score History
You have not taken this quiz